00722nam a2200229Ia 4500001001000000003000500010008004100015010001100056040000900067082002000076100002100096245005200117260007500169300001000244440001800254500004600272650003900318650003800357650003100395650003500426650003100461Para_7229CHAP220125s1939 xx 000 0 und d a206115 cCHAP aPA-C 636.08 B85 aBell, Charles E. aGrowing hogs in Georgia /c by Charles E. Bell aathenes, Georgia :b The University of Georgia. College of Agriculture a16 p. aBulletin, 458 aEncuadernado con otros impresos similares aGanado x colecciones de escritos  aGanado porcino x alimentación  aGanado porcino x Georgia  aGanado porcino x producción aGanado porcino, cría de